| 000 | 00369pab a2200145 454500 | ||
|---|---|---|---|
| 008 | 180718b1987 xxu||||| |||| 00| 0 eng d | ||
| 100 | _aParr, John B | ||
| 245 | _aThe development of special structure and regional economic growth | ||
| 260 | _c1987 | ||
| 300 | _a113-27 | ||
| 362 | _aMay | ||
| 650 | _aRegional Planning | ||
| 773 | _aLand Economics | ||
| 909 | _a17102 | ||
| 999 |
_c17102 _d17102 |
||